| 000 | 00394nam a22001337a 4500 | ||
|---|---|---|---|
| 020 | _a0-07-017880-1 | ||
| 082 | _a621.3813 DUA'E | ||
| 100 |
_aDUARTE, S. R,DUARTE, R. L _975427 |
||
| 245 | _aELECTRONICS ASSEMBLY AND FABRICATION METHODS | ||
| 260 |
_aNEWYORK _bMCGRAW HILL _c1973 |
||
| 300 | _a302P | ||
| 650 |
_aELECTRONICS APPARATUS AND APPLICATION ASSEMBLY LINE METHODS _975428 |
||
| 942 | _cBK | ||
| 999 |
_c580840 _d580840 |
||